| 000 | 00381nam a2200109Ia 4500 | ||
|---|---|---|---|
| 005 | 20251222143142.0 | ||
| 008 | 251222s9999||||xx |||||||||||||| ||spa|| | ||
| 082 | _a362.76/S42 | ||
| 100 | _aSerna Muñoz, Martha | ||
| 245 | 0 | _aEstudio sobre las Barreras que Limitan al Acceso a Niños y Niñas menores de 06 años a Servicios de Protección contra todo tipo de Violencia | |
| 942 | _cLIB | ||
| 999 |
_c12340 _d12340 |
||